Cicerón et l'histoire romaine

Wedi'i Gadw mewn:
Manylion Llyfryddiaeth
Prif Awdur: Rambaud, Michel (Awdur)
Fformat: Llyfr
Iaith:Ffrangeg
Cyhoeddwyd: París Les Belles Lettres 1953
Cyfres:Etudes Latines, 28
Pynciau:
Tagiau: Ychwanegu Tag
Dim Tagiau, Byddwch y cyntaf i dagio'r cofnod hwn!

MARC

LEADER 00000nam a2200000 a 4500
001 UCP9428
003 CL-VaPUC
008 000324e19530000FR |||||||||||||||||fre|d
082 0 4 |a 937.05  |b RAM  |2 21 
100 0 |a Rambaud, Michel  |e author  |9 440001 
245 1 0 |a Cicerón et l'histoire romaine 
300 |a 146 p 
942 |c BK 
945 |d 20000324 00:00:00  |a rherrera 
260 |a París  |b Les Belles Lettres  |c 1953 
600 0 |a Cicerón, Marco Tulio  |e autor  |9 255203 
650 0 |a Historia antigua  |9 267521 
650 7 |a ROMA  |2 CL-VaPUC  |9 317375 
650 0 |a Guerra civil  |9 320243 
583 |a last modification  |c 20000324 00:00:00  |k Rodrigo Vera 
490 0 |a Etudes Latines, 28 
999 |c 286241  |d 286239 
952 |0 0  |1 0  |4 0  |6 937_050000000000000_RAM_1953  |7 0  |8 A  |9 331754  |a BIBHIS  |b BIBHIS  |d 2019-11-20  |i 1389793  |o 937.05 RAM 1953  |p 1389793  |r 2025-01-20  |w 2019-11-20  |y BK  |k HIS